| 000 | 00368cam a2200145ua 4500 | ||
|---|---|---|---|
| 041 |
_aeng _h |
||
| 082 |
_a823.308 _bCAD/SU |
||
| 100 | _aCadell, Elizabeth . | ||
| 245 |
_aSun in the morning / _cElizabeth Cadell. _hTextual Documents |
||
| 260 |
_a : _bUniversity o London press Ltd , _c1963. |
||
| 300 | _a144 ; . | ||
| 504 | _a | ||
| 942 | _cBK | ||
| 999 |
_c1034 _d1034 |
||